| 000 | 00438nam a22001697a 4500 | ||
|---|---|---|---|
| 003 | MPLRDC | ||
| 005 | 20220104142825.0 | ||
| 008 | 210129b ||||| |||| 00| 0 eng d | ||
| 082 | _a577.2386 JQCE | ||
| 100 | _a今堀诚二博士原著; 刘果因译 | ||
| 245 |
_a马来西亚华人社会 _c |
||
| 250 | _a初版 | ||
| 260 |
_a _b槟城加应会馆扩建委员会 _c1974 |
||
| 300 | _b精 | ||
| 650 | _a | ||
| 942 |
_cBK _o577.2386 JQCE |
||
| 999 |
_c34007 _d33997 |
||